Normal view MARC view

Entry Personal Name

Number of records used in: 1

001 - CONTROL NUMBER

  • control field: 26216

003 - CONTROL NUMBER IDENTIFIER

  • control field: dpl

005 - DATE AND TIME OF LATEST TRANSACTION

  • control field: 20110225114831.0

008 - FIXED-LENGTH DATA ELEMENTS

  • fixed length control field: 110225|||a|||||| | ||| d

040 ## - CATALOGING SOURCE

  • Original cataloging agency: dpl
  • Transcribing agency: dpl

100 ## - HEADING--PERSONAL NAME

  • Personal name: भोला, इन्द्रदेव इन्द्रनाथ

670 ## - SOURCE DATA FOUND

  • Source citation: Work cat.: (dpl): भोला, इन्द्रदेव इन्द्रनाथ, मॅारीशस की 25 बाल कहानियाँ, 2009

670 ## - SOURCE DATA FOUND

  • Source citation: Work cat.: (dpl): भोला, इन्द्रदेव इन्द्रनाथ, मॅारीशस की 25 बाल कहानियाँ, 2009

© Delhi Public Library
Hit Counter
free hit counter